000
00311nam a2200133Ia 4500
008
240624s9999 xx 000 0 und d
041
_a
eng
082
_a
413 JAI
100
_a
JAIN N C
245
_a
DICTIONARY OF MANAGEMENT
260
_c
2004
_a
Delhi
_b
A.I.T.B.S.
300
_a
370 : p. : cm. ; 22
365
_c
RS
999
_c
1508
_d
1508